000 00634nam a2200205 a 4500
001 BRCA_32
005 20190320202843.0
008 950607s1995 u--a#####b---#001-0#eng-#
041 _aeng
044 _au
050 4 _aAM151
_b.T68 1995
245 1 0 _aTouring exhibitions
_bthe touring exhibitions group´s manual of good practice
_cedited by Mike Sixsmith.
260 _aBoston
_bButterworth-Heinemann
_c1995
300 _axviii, 237 p.
_bil.
_c25 cm.
650 1 4 _aExposiciones temporales
_vManuales
_9150
650 1 4 _aExposiciones
_vManuales
_9151
650 1 4 _aMuseografĂ­a
_9152
700 1 _aSixsmith, Mike
_eed.
_9153
942 _2lcc
_cB
999 _c32
_d32